Practical measuring made easy to the meanest capacity (Record no. 113528)

MARC details
000 -LEADER
fixed length control field 01030cam a22001935a 4500
001 - CONTROL NUMBER
control field L155385
008 - FIXED-LENGTH DATA ELEMENTS--GENERAL INFORMATION
fixed length control field 120320s1777 xxk f 000 0 eng d
035 ## - SYSTEM CONTROL NUMBER
System control number (Sirsi) u155385
041 0# - LANGUAGE CODE
Language code of text/sound track or separate title eng
100 1# - MAIN ENTRY--PERSONAL NAME
Personal name Hoppus, E.
Fuller form of name (Edward)
Dates associated with a name d. 1739
245 00 - TITLE STATEMENT
Title Practical measuring made easy to the meanest capacity
Remainder of title by a new set of tables: ... With a preface, shewing the excellence of this new method of measuring, ... By E. Hoppus, ... The tenth edition. Greatly improved, by the following additions, I. New tables ... III. Some very curious observations ...
260 ## - PUBLICATION, DISTRIBUTION, ETC.
Place of publication, distribution, etc. London
Name of publisher, distributor, etc. printed, by assignment from the trustees of E. Wicksteed, for J. F. and C. Rivington, J. Hinton, S. Crowder, T. Caslon, B. Law, G. Robinson, R. Baldwin, and J. Taylor
Date of publication, distribution, etc. 1777
300 ## - PHYSICAL DESCRIPTION
Extent lxxvi, 204 p., plate
Other physical details ill.
Dimensions long 8o
520 ## - SUMMARY, ETC.
Summary, etc. Half-title: "Mr. Hoppus's measurer greatly enlarged and improved.".
583 ## - ACTION NOTE
Action Condition reviewed
Time/date of action 20120620
Status condition level 1
651 #4 - SUBJECT ADDED ENTRY--GEOGRAPHIC NAME
Geographic name Great Britain
Chronological subdivision 1707-
690 ## - LOCAL SUBJECT ADDED ENTRY--TOPICAL TERM (OCLC, RLIN)
Topical term or geographic name as entry element Measurement
9 (RLIN) 6256
942 ## - ADDED ENTRY ELEMENTS (KOHA)
Suppress in OPAC 0
Holdings
Withdrawn status Lost status Source of classification or shelving scheme Damaged status Not for loan Home library Current library Shelving location Date acquired Total Checkouts Full call number Barcode Date last seen Copy number Price effective from Koha item type
    Dewey Decimal Classification     Historic collection Historic collection Historic collection 20/03/2012   OCTAVO 1777 HOPPUS 30075913 06/08/2019 1 06/08/2019 Book